000 00632nam a2200229Ia 4500
003 OSt
005 20220924120331.0
006 a|||||r|||| 00| 0
007 ta
008 220923b |||||||| |||| 00| 0 urd d
024 _a314014
037 _cTextual
040 _aARTS
_cARTS
_burd
041 _2urd
_aurd
082 _aO168,1MMR,1, C0
100 _aRaunaq Mohammad Ali Khan
_9181692
245 0 _aDeewan-e-Raunaq sukhan
260 _aDelhi
_bMatbe Farooqi India
_c1890
650 _aURDU POETRY
942 _hO168,1MMR,1, C0
_cTEXL
_2CC
999 _c402331
_d402331